000 00839nam a2200253 a 4500
001 BRCA_1344
005 20190320203402.0
008 980213s1997 mx-a---##b---#000-0#spa-#
040 _aDLC
_cDLC
041 _aspa
044 _amx
050 4 _aNK9924.M4
_b.T37 1997
245 1 0 _aTaracea y marquetería en la Puebla de los Angeles
_bdel barroco al neoclásico.
260 _aMéxico
_bLa Cartuja
_c1997
300 _a55 p.
_bil. a color
_c26 cm.
440 0 _aEnsayos sobre artes decorativas
_v2
_94395
500 _aIncluye piezas de la colección Franz Mayer: p. 18, 32, 35, 37 y 45
504 _aIncluye referencias bibliográficas
650 1 4 _aMarquetería
_xHistoria
_ySiglo XVIII-XIX
_zMéxico
_94396
650 1 4 _aMobiliario Europeo
_94397
650 1 4 _aEmbutido de maderas
_94398
650 1 4 _aTaracea
_94399
942 _2lcc
_cB
999 _c1207
_d1207